000 02123nam2a22002531 4500
001 rc\4621913
005 20250612133341.0
021 _aRU
_b[61-20935]
035 _a(NLR Aleph) 008675017
090 _a9143605
_c9143605
100 _a20130416d1961 |||y0rusy50 ca
101 0 _arus
102 _aRU
105 _aa z |||||
200 0 _aВып. 1
210 _d1961
_aБ. м.
215 _a25 с.
_cчерт.
320 _aБиблиогр. в конце книги
461 0 _1001rc\4621912
_12001#$aМатериалы к совещанию$eВып. 1-$fГос. науч.-техн. ком. Совета Министров СССР. Гос. науч.-техн. ком. Совета Министров УССР. Киевское правл. Науч.-техн. о-ва энергопром-сти. Выставка передового опыта в нар. хозяйстве УССР. Науч.-техн. совещание по вопросам перевода на повышенное напряжение электр. сетей и потребителей электроэнергии$vВып. 1
_99143599
_aНаучно-техническое совещание по вопросам перевода на повышенное напряжение электрических сетей и потребителей электроэнергии (1961 ; Киев)
_cКиев
_d1961
_fГос. науч.-техн. ком. Совета Министров СССР. Гос. науч.-техн. ком. Совета Министров УССР. Киевское правл. Науч.-техн. о-ва энергопром-сти. Выставка передового опыта в нар. хозяйстве УССР. Науч.-техн. совещание по вопросам перевода на повышенное напряжение электр. сетей и потребителей электроэнергии
_nБ. и.
_oВып. 1-
_tМатериалы к совещанию
_vВып. 1
801 0 _aRU
_bNLR
_gpsbo
801 1 _aRU
_bELAR
_2rusmarc
852 _aNLR
_j61-4/4815
942 _cBOOK
980 _aNB